[Event "NED-ch U13"]
[Site "Rijswijk"]
[Date "2008.05.03"]
[Round "8"]
[White "Evengroen, Bernard"]
[Black "Mollenkamp, Brian"]
[Result "0-1"]
[WhiteElo "1326"]
[BlackElo "1203"]
[PlyCount "56"]
[EventDate "2008.05.01"]
[EventType "swiss"]
[EventRounds "9"]
[EventCountry "NED"]
[SourceTitle "EXT 2010"]
[Source "ChessBase"]
[SourceDate "2010.11.25"]
[SourceVersion "1"]
[SourceVersionDate "2010.11.25"]
[SourceQuality "1"]

1. e4 c5 2. Nf3 d6 3. d4 cxd4 4. Nxd4 Nf6 5. Nc3 g6 6. f3 Bg7 7. Be3 Nc6 8. Qd2 Bd7 9. 0-0-0 0-0 10. g4 h5 11. gxh5 Nxh5 12. Be2 e5 13. Nxc6 Bxc6 14. f4 Nf6 15. h4 Nxe4 16. Nxe4 Bxe4 17. Rh2 Rc8 18. Bd3 Bxd3 19. Qxd3 Rc6 20. h5 exf4 21. Bxf4 Qf6 22. c3 Qxf4+ 23. Rdd2 Qh6 24. Qh3 Qxh5 25. Qd7 Qf3 26. Rhf2 Qe4 27. Rfe2 Qa4 28. Re8 Rxc3+ 0-1

[Event "NED-ch U13"]
[Site "Rijswijk"]
[Date "2008.05.02"]
[Round "6"]
[White "Soeterbroek, Jaimy"]
[Black "Mollenkamp, Brian"]
[Result "1-0"]
[WhiteElo "1382"]
[BlackElo "1203"]
[PlyCount "53"]
[EventDate "2008.05.01"]
[EventType "swiss"]
[EventRounds "9"]
[EventCountry "NED"]
[SourceTitle "EXT 2010"]
[Source "ChessBase"]
[SourceDate "2010.11.25"]
[SourceVersion "1"]
[SourceVersionDate "2010.11.25"]
[SourceQuality "1"]

1. e4 c5 2. Nf3 d6 3. d4 cxd4 4. Nxd4 Nf6 5. Nc3 g6 6. Be2 Bg7 7. Be3 0-0 8. 0-0 Bd7 9. f4 Qc7 10. Qe1 a6 11. Bf3 Nc6 12. Nxc6 Bxc6 13. Qg3 Nd7 14. h4 Kh8 15. h5 Rg8 16. hxg6 fxg6 17. Kf2 Bxc3 18. bxc3 e5 19. Rh1 Rg7 20. Rh3 Rf8 21. fxe5 dxe5 22. Bh6 Nf6 23. Bxg7+ Kxg7 24. Kg1 Bxe4 25. Bxe4 Nxe4 26. Qh4 Kg8 27. Qxe4 1-0

[Event "NED-ch U13"]
[Site "Rijswijk"]
[Date "2008.05.02"]
[Round "4"]
[White "Zevenhuizen, Daniel"]
[Black "Mollenkamp, Brian"]
[Result "1/2-1/2"]
[WhiteElo "1293"]
[BlackElo "1203"]
[PlyCount "42"]
[EventDate "2008.05.01"]
[EventType "swiss"]
[EventRounds "9"]
[EventCountry "NED"]
[SourceTitle "EXT 2010"]
[Source "ChessBase"]
[SourceDate "2010.11.25"]
[SourceVersion "1"]
[SourceVersionDate "2010.11.25"]
[SourceQuality "1"]

1. e4 c5 2. Nf3 d6 3. d4 cxd4 4. Nxd4 Nf6 5. Nc3 g6 6. Bg5 Bg7 7. Bb5+ Bd7 8. Bxd7+ Nbxd7 9. 0-0 0-0 10. Qd2 Re8 11. Kh1 Qb6 12. Nb3 Rac8 13. Rab1 Nc5 14. Bxf6 Bxf6 15. f4 Bxc3 16. bxc3 Nxe4 17. Qe1 Nxc3 18. Rb2 e6 19. Rf3 Nd5 20. Qd2 Qc7 21. Rd3 Red8 1/2-1/2

[Event "NED-ch U13"]
[Site "Rijswijk"]
[Date "2008.05.01"]
[Round "3"]
[White "Mollenkamp, Brian"]
[Black "Bekker, Michael"]
[Result "1-0"]
[WhiteElo "1203"]
[BlackElo "1099"]
[PlyCount "45"]
[EventDate "2008.05.01"]
[EventType "swiss"]
[EventRounds "9"]
[EventCountry "NED"]
[SourceTitle "EXT 2010"]
[Source "ChessBase"]
[SourceDate "2010.11.25"]
[SourceVersion "1"]
[SourceVersionDate "2010.11.25"]
[SourceQuality "1"]

1. e4 d5 2. exd5 Nf6 3. Nf3 Nxd5 4. Bc4 Nb6 5. Bb3 Nc6 6. Nc3 e5 7. d3 Bc5 8. 0-0 Bg4 9. Ne4 Qe7 10. Bd2 Nd4 11. Nxc5 Qxc5 12. Be3 Qd6 13. Bxf7+ Kxf7 14. Ng5+ Ke7 15. Qxg4 Nxc2 16. Rac1 Nxe3 17. fxe3 Rhf8 18. Rxc7+ Ke8 19. Rxf8+ Qxf8 20. Rxb7 Rc8 21. h3 Rc1+ 22. Kh2 Qf1 23. Qe6+ 1-0